Marcas de autos #1 - Estadísticas

Estadísticas generales
  • Esta prueba ha sido intentada 699 veces
  • La puntuación promedio es 11 de 14
Respuestas en el mapa
Las respuestas están codificadas por una escala verde-roja en el mapa de la prueba según el % correcto abajo.
 
Estadísticas de respuestas
Respuesta % Correcto
Jaguar
87%
Rolls-Royse
86%
Toyota
86%
Hyundai
82%
Mitsubishi
81%
Bugatti
80%
Honda
80%
Mazda
80%
Suzuki
80%
Maserati
77%
Subaru
76%
Buick
69%
Cadillac
69%
Dodge
68%
No se encontraron pruebas coincidentes
Distribución de puntuación
Porcentaje de gente con cada puntuación
Porcentaje por número respondido
Historial de tus puntuaciones
No has intentado esta prueba.